000 00329nam a2200133Ia 4500
008 221007s9999 xx 000 0 und d
041 _aeng
082 _bSEN
100 _aSengaonkar R (2K4223)
_9102127
245 _aOnline Marraige Bureau
260 _c2006
_bPune University
_aPune
520 _aDhamdhere S
906 _bGeneral
999 _c69285
_d69285